000 00670nam a22002177a 4500
999 _c10189
_d10189
001 10189
003 BD-JhCC
005 20180419120722.0
008 180419s1982 bg a|||| ||a| 000 0 ben d
035 _a(BD-JhCC)10189
040 _aBD-JhCC
_dBD-JhCC
041 _aben
082 _a891.4435
_bCHO 1982
100 _aচৌধুরী, খালেদা এদিব
245 _aজনমনিষ্যির গল্প /
_cখালেদা এদিব চৌধুরী
260 _aঢাকা :
_bনওরোজ কিতাবিস্তান,
_c1982.
300 _a91 p. :
_c19 c.m
650 _aStories
942 _2ddc
_cBK